000 00819nam a22002297a 4500
999 _c2191
_d2191
003 AR-CdUCM
008 190304b ||||| |||| 00| 0 spa d
040 _aMUNICIPALIDAD PROVINCIAL DEL CUSCO
_cBIBLIOTECA MUNICIPAL DEL CUSCO
041 _heng
082 _22ed.
_a372.4 /
_bI77
100 _aIsaacs, Susan
_97903
245 _aAños de infancia /
260 _aBuenos Aires :
_bImán,
_c1951.
300 _a154 páginas ;
_c20 cm.
440 _aBiblioteca Psicoanalitica
_97904
505 _aJuego y crecimiento -- Los comienzos -- Normas de desarrollo -- De los dos y los seis años -- El niño y el mundo -- El niño y sus padres...
650 _aNormas de desarrollo.
_97905
650 _aNiños y sus padres.
_97906
650 _aNiños y el mundo.
_97907
942 _2ddc
_cLIBROS
945 _awfj
_d2019-03-04